000 00732nam a2200253Ia 4500
003 OSt
005 20220918164511.0
006 a|||||r|||| 00| 0
007 ta
008 220917b |||||||| |||| 00| 0 eng d
020 _a0631217290 (pbk)
024 _a157,801
037 _cTextual
040 _aARTS
_cARTS
_beng
041 _2eng
_aeng
082 _aW94v461, P0 (SC)
100 _aChoueiri Youssef M.
_919214
245 0 _aArab nationalism
_b a histiory nation and state in the Arab World
260 _aOxford
_bBlackwell Publisher
_c2000
300 _axiii,267p.
_ccm.
650 _aPOLITICAL SCIENCE
942 _hW94v461, P0 (SC)
_cTEXL
_2CC
999 _c125072
_d125072